| 000 | 00979cam a22003013a 4500 | ||
|---|---|---|---|
| 001 | 31521 | ||
| 003 | PGUSA | ||
| 005 | 20140828083700.0 | ||
| 008 | 100306s2010||||xxu|||||s|||||000 1 eng d | ||
| 040 |
_aPGUSA _beng |
||
| 042 | _adc | ||
| 050 | 4 | _aPZ | |
| 245 | 1 | 0 |
_aLittle Frida : _bA Tale of the Black Forest _h[electronic resource] / _cAnonymous |
| 260 |
_bProject Gutenberg, _c2010 |
||
| 506 | _aPublic domain in the USA. | ||
| 516 | _aElectronic text | ||
| 653 | _aKindness -- Juvenile fiction | ||
| 653 | _aChristian life -- Juvenile fiction | ||
| 653 | _aViolinists -- Juvenile fiction | ||
| 653 | _aBible -- Juvenile fiction | ||
| 653 | _aMissing children -- Juvenile fiction | ||
| 653 | _aBlack Forest (Germany) -- Juvenile fiction | ||
| 653 | _aInheritance and succession -- Juvenile fiction | ||
| 653 | _aChildren and death -- Juvenile fiction | ||
| 830 | 0 |
_aProject Gutenberg _v31521 |
|
| 856 | 4 | 0 | _uhttp://www.gutenberg.org/ebooks/31521 |
| 942 | _cEB | ||
| 999 |
_c260776 _d260776 |
||